| 000 | 00000nam##2200000za#4500 |
| 001 | 9.566308 |
| 003 | CaOODSP |
| 005 | 20210624180227 |
| 007 | cr ||||||||||| |
| 008 | 150406|2004||||xxc|||||o f|0| 0 eng|d |
| 040 | |aCaOODSP|beng |
| 043 | |an-cn--- |
| 086 | 1 |aTU3-5/04-7E-PDF |
| 110 | 2 |aTransportation Safety Board of Canada. |
| 245 | 10|aIn-flight breakup - Bear Creek Contracting Ltd. Robinson R22 (Helicopter) C-FILW, Kumealon Inlet, British Columbia, 20 February 2004 |h[electronic resource] |
| 260 | |aGatineau - Quebec : |bTransportation Safety Board of Canada |c[2004]. |
| 300 | |a6p.|bphotographs |
| 490 | 1 |aAviation investigation report |vA04P0033 |
| 590 | |a10-05-Supp|b2010-07-20 |
| 690 | 07|aAircraft accidents|2gcpds |
| 775 | 08|tRupture en vol de l'hélicoptère Robinson R22 C-FILW exploité par Bear Creek Contracting Ltd à Kumealon Inlet (Colombie-Britannique), le 20 février 2004 |w(CaOODSP)9.597825 |
| 830 | #0|aAviation investigation report ;|vA04P0033|w(CaOODSP)9.504825 |
| 856 | 40|ahttp://publications.gc.ca|qPDF|s136 KB|uhttps://publications.gc.ca/collections/collection_2009/bst-tsb/TU3-5-04-7E.pdf|yA04P0033 |